[Event "Offerspill Invitational 2020"]
[Site "Oslo"]
[Date "2020.06.14"]
[Round "4.10"]
[White "Pantzar, Milton"]
[Black "Tryggestad, Andreas Garberg"]
[Result "1-0"]
[WhiteElo "2417"]
[BlackElo "2363"]
[Annotator "TA"]
[PlyCount "79"]
[EventDate "2020.06.10"]
[EventType "swiss"]
[EventCountry "NOR"]
[SourceTitle "playchess.com"]
[Source "ChessBase"]
[SourceQuality "1"]

{[%evp 15,79,13,32,24,21,17,38,22,75,61,78,68,96,73,106,89,119,109,119,123,137,133,137,128,208,218,211,164,160,171,184,196,196,158,190,187,229,235,255,202,226,227,238,241,322,321,322,320,318,316,375,345,313,288,704,428,428,428,421,415,373,400,795,785,29989,29990]} 1. d4 Nf6 2. c4 g6 3. Nf3 Bg7 4. g3 c6 5. Nc3 d5 6. Qb3 O-O 7. Bg2 dxc4 8. Qxc4 Be6 9. Qa4 {D73: Fianchetto Grünfeld: 5 Nf3 .} Nbd7 10. O-O Nb6 11. Qc2 {White is slightly better.} Nbd5 (11... Nfd5 $11) 12. e4 $16 Nxc3 13. bxc3 Qa5 14. a4 Bc4 15. Rd1 {[#]} Nd7 $146 ({Predecessor:} 15... Rfd8 16. Rb1 b6 17. Ne5 Qa6 18. Nxc6 Rd7 19. Bf4 Ne8 20. Nb8 Rxb8 21. Bxb8 Nc7 {1-0 (34) Velikov,P (2492)-Bardin,C Gonfreville 1999}) 16. Nd2 Be2 17. Re1 Ba6 18. Ba3 Rfe8 19. e5 Qc7 (19... Nf8 $16 {was worth a try.} 20. f4 Rad8) 20. e6 $18 fxe6 21. Qb3 Nf8 22. Ne4 {[%mdl 1024] White has strong compensation.} b6 23. Ng5 Bc8 24. Ra2 {[%cal Ba1a2,Ba2e2,Be2e6][%mdl 32]} Bf6 25. Bc1 ({Don't do} 25. Nxe6 $6 Nxe6 26. Rxe6 Bxe6 $16) 25... Kg7 26. Bf4 Qd7 27. Rae2 Bb7 28. Nxe6+ Nxe6 29. Rxe6 ({Don't play} 29. Qxe6 $6 Rad8 $16) 29... c5 30. Bxb7 Qxb7 31. dxc5 Rac8 32. cxb6 axb6 33. Rxb6 Qd7 34. Be5 Qd2 $2 (34... Bxe5 35. Rxe5 Kh8) 35. Rd1 {[#] aiming for Bxf6+.} Qe2 36. Bxf6+ exf6 37. Rb7+ Kh6 38. Rbd7 Qc4 (38... Re7 $142 39. Rxe7 Qxe7) 39. Qb7 Rh8 40. R1d4 {Black did not feel at home in the position after the opening. Accuracy: White = 80%, Black = 39%.} 1-0

[Event "Offerspill Invitational 2020"]
[Site "Oslo"]
[Date "2020.06.14"]
[Round "5.1"]
[White "Johansson, Linus"]
[Black "Tari, Aryan"]
[Result "1-0"]
[WhiteElo "2476"]
[BlackElo "2634"]
[Annotator "TA"]
[PlyCount "113"]
[EventDate "2020.06.10"]
[EventType "swiss"]
[EventCountry "NOR"]
[SourceTitle "playchess.com"]
[Source "ChessBase"]
[SourceQuality "1"]

{[%evp 9,113,20,22,-25,-16,-45,0,-11,-2,-6,46,13,17,11,20,18,23,5,0,10,7,0,0,0,3,5,16,-10,41,32,56,14,23,34,14,18,95,89,132,87,116,98,104,108,123,73,79,79,272,267,480,446,472,473,452,366,646,637,638,638,638,638,625,617,654,650,648,642,672,663,667,239,217,232,229,182,191,140,221,221,225,203,169,180,276,171,270,280,283,231,453,455,459,459,871,855,1063,1037,1036,1003,1445,1222,1465,1398,1354,939]} 1. d4 Nf6 2. c4 e6 3. Nc3 Bb4 4. Nf3 O-O 5. Bg5 c5 6. d5 {E21: Nimzo-Indian: 4 Nf3.} h6 7. Bh4 Bxc3+ 8. bxc3 {The position is equal.} d6 9. e3 e5 (9... exd5 $11 10. cxd5 Bg4) 10. Qc2 e4 11. Nd2 $1 {[#]} g5 $146 ({Predecessor:} 11... Bf5 12. f4 g5 13. Bg3 Ng4 14. Ke2 Bg6 15. h3 Nf6 16. fxg5 hxg5 17. Bh2 Qe7 {½-½ (51) Tregubov,P (2581)-Saduakassova,D (2491) Porticcio 2018}) 12. Bg3 Bf5 13. h4 Bg6 14. Be2 Qe7 15. Qb2 b6 16. a4 Nbd7 17. a5 Rfb8 18. O-O bxa5 ({Black should play} 18... Nh5 $11) 19. Qc2 $14 Ne8 20. h5 Bh7 21. Nb3 Rb6 22. Nxa5 Nb8 (22... Ndf6 $1 $11) 23. Rfb1 $36 {[%mdl 2048] Black is under strong pressure.} Nf6 24. Nc6 Rxb1+ 25. Qxb1 Nxc6 26. dxc6 {And now Qb7 would win.} Rc8 27. Qb7 Rc7 28. Qa8+ Kg7 $2 {[#] Loses the game.} (28... Qe8 $16 29. Rxa7 Rxc6) 29. Rb1 $1 $18 Qe8 $2 (29... Bf5 {was called for.} 30. Rb7 a5) 30. Qxe8 Nxe8 31. Rb8 Re7 32. Rb7 Kf6 $2 (32... Rc7 33. Rxc7 {[%mdl 64] Overworked Piece} Nxc7 34. Bxd6 {[%mdl 64] Double Attack} Ne8) 33. Bg4 a5 {Black hopes to continue with ...a4.} 34. Bd7 a4 {If Black can now play ...a3 this consolidates a bit.} 35. Rb8 a3 36. Ra8 (36. Bxe8 a2 $16) 36... a2 37. Rxa2 ({Not} 37. Bxe8 Rxe8 38. Rxa2 Rc8 $16) 37... Bf5 38. Ra7 Be6 39. Rb7 Kf5 40. Rb8 $2 (40. f4) 40... Rxd7 41. cxd7 Bxd7 {[%mdl 4096] Endgame KRB-KBN} 42. Rb6 Ke6 43. f3 (43. f4 $18 {aiming for fxg5.} exf3 44. gxf3) 43... exf3 (43... Bc8 $16 44. fxe4 f6) 44. gxf3 Ke7 45. Rb7 Ng7 {[#]} 46. Bh2 $1 Ne8 (46... f5 $142 47. Rb6 Ne8) 47. Kf2 Kd8 (47... f5 $142 48. Ra7 Nf6) 48. e4 f6 49. f4 Bc6 $2 (49... gxf4 50. Bxf4 Bg4) 50. Rh7 {White is clearly winning.} Bxe4 51. Rxh6 g4 (51... Ke7 $142 52. Rh8 Kf7) 52. Rh8 Kd7 53. h6 Nc7 54. h7 Kc6 55. Bg3 Bg6 56. Bh4 Be4 57. Bxf6 {Accuracy: White = 72%, Black = 50%.} 1-0

[Event "Offerspill Invitational 2020"]
[Site "Oslo"]
[Date "2020.06.14"]
[Round "5.2"]
[White "Haug, Johannes"]
[Black "Notkevich, Benjamin Arvola"]
[Result "1-0"]
[WhiteElo "2431"]
[BlackElo "2476"]
[Annotator "TA"]
[PlyCount "73"]
[EventDate "2020.06.10"]
[EventType "swiss"]
[EventCountry "NOR"]
[SourceTitle "playchess.com"]
[Source "ChessBase"]
[SourceQuality "1"]

{[%evp 16,73,12,20,30,42,35,46,66,53,104,107,106,93,99,93,101,110,144,136,139,133,294,292,289,277,280,275,264,209,265,264,268,235,238,227,300,301,302,250,363,250,249,251,262,227,257,239,519,498,510,499,954,952,29975,29976,29992,29993,29998,29999]} 1. d4 g6 2. e4 Bg7 3. Nf3 d6 4. Bc4 Nf6 5. Qe2 O-O 6. h3 c6 7. e5 Nd5 8. O-O dxe5 9. dxe5 Nd7 {B04: Alekhine's Defence: 4 Nf3.} 10. Re1 Nc5 11. Nbd2 {[%cal Bb1d2,Bd2b3,Bb3c5][%mdl 32]} b5 {[#] White is slightly better.} 12. Nb3 $146 ({Predecessor:} 12. Bb3 a5 13. Ne4 Nxb3 14. axb3 Qb6 15. Nc3 b4 16. Nxd5 cxd5 17. Bg5 e6 18. Qd2 {1-0 (60) Turner,J (2315)-Krnavek,L (2330) Czechia 2004}) 12... bxc4 (12... Na4 $14) 13. Nxc5 $16 c3 14. bxc3 $1 Qa5 15. Nb3 Qa4 16. Bd2 Rd8 17. Nfd4 Ba6 18. Qf3 Rac8 $2 (18... Nb6 $16) 19. Nc5 $18 Qc4 {[#]} 20. Ndb3 $1 {Re4 is the strong threat.} (20. Nxa6 Qxa6 21. Qe4 c5 $14) 20... Nc7 21. Re4 (21. Qxc6 Bb5 $16) 21... Qd5 22. Qe3 f5 23. exf6 $1 Bxf6 24. Nxa6 Nxa6 {[#]} 25. c4 $1 {[%cal Rc4d5]} Qf5 26. Re1 c5 27. a3 Nb8 (27... Rf8 {was worth a try.} 28. g4 Qd7) 28. Bc3 Bxc3 29. Qxc3 Nc6 30. Qe3 Qf6 31. Rf4 ({But not} 31. Qxc5 Qd6 $18) 31... Qb2 $2 (31... Qd6 {keeps fighting.} 32. Nxc5 e5) 32. Qe6+ Kh8 33. Rf7 Qxc2 {[#]} (33... Rg8 $142 34. Nxc5 Qd4) 34. Na5 $1 {[%mdl 512]} Qd2 (34... Nxa5 35. Qe5+) 35. Nxc6 {White mates.} Rxc6 36. Qxe7 ({Less strong is} 36. Qxc6 Qxe1+ 37. Kh2 Kg8 $14) 36... Rc7 37. Qe5+ {Black did not feel at home in the position after the opening. Accuracy: White = 87%, Black = 45%.} 1-0

[Event "Offerspill Invitational 2020"]
[Site "Oslo"]
[Date "2020.06.14"]
[Round "5.4"]
[White "Urkedal, Frode Olav Olsen"]
[Black "Pantzar, Milton"]
[Result "0-1"]
[WhiteElo "2557"]
[BlackElo "2417"]
[Annotator "TA"]
[PlyCount "67"]
[EventDate "2020.06.10"]
[EventType "swiss"]
[EventCountry "NOR"]
[SourceTitle "playchess.com"]
[Source "ChessBase"]
[SourceQuality "1"]

{[%evp 9,67,5,27,0,0,-17,-33,-26,-31,-18,-26,-64,-68,-69,-75,-81,-73,-79,-84,-89,-78,-81,-93,-84,-56,-54,0,-6,-3,-1,-6,-8,0,-3,0,-110,-110,-118,-106,-263,-268,-243,-196,-178,-167,-281,-279,-281,-262,-272,-275,-289,-298,-349,-226,-319,-268,-295,-286,-875]} 1. d4 d5 2. c4 e6 3. Nc3 a6 4. cxd5 exd5 5. Qb3 c5 6. Nf3 {D31: Queen's Gambit Declined: Semi-Slav without ...Nf6 (+ Marshall Gambit and Noteboom) and Exchange Variation lines without ...Nf6.} c4 7. Qc2 Nc6 {[#]} 8. g3 $146 {Black is slightly better.} ({Predecessor:} 8. Bg5 Be7 9. Bxe7 Ngxe7 10. e4 b5 11. O-O-O O-O 12. Be2 dxe4 13. Qxe4 Bf5 14. Qf4 {0-1 (25) Moroni,L (2553)-Maghsoodloo,P (2671) chess.com INT 2019}) 8... Bb4 9. Bg2 Nge7 10. Bg5 f6 11. Bf4 Bf5 12. Qc1 O-O 13. O-O b5 {[%cal Bb7b5,Bb5b4][%mdl 32]} 14. Rd1 Rc8 15. Ne1 Ba5 16. Nc2 Qd7 17. a4 b4 {[#]} 18. Nxd5 $1 {[%mdl 576] Decoy} Nxd5 19. Bxd5+ Qxd5 20. Ne3 Qd7 21. Qxc4+ Kh8 {Strongly threatening ...Bb6.} 22. Qc5 (22. Qxa6 $11 Ra8 23. Qb5) 22... Bg6 $17 23. d5 {[#]} Qa7 $1 {[%cal Ra7c5]} 24. Rac1 $2 {This costs White the game.} (24. Qxa7 $17 {is the only way for White.} Nxa7 25. Rac1) 24... Bb6 $19 25. Qc4 Ne7 26. Qxb4 Nf5 $36 {[%cal Rf5e3][%mdl 2048] Black is really pushing.} 27. Nxf5 (27. a5 $142 Bxe3 28. fxe3 Nxe3 29. Rxc8 Rxc8 30. Qd4 Qxd4 31. Rxd4) 27... Bxf2+ ({Don't do} 27... Bxf5 28. e3 $17) 28. Kg2 {Threatens to win with Ne7.} Bxf5 29. Rc7 Bc5 30. Rxa7 Bxb4 31. Rxa6 Rfd8 32. Kf3 (32. Rc1 $142) 32... Rc4 33. g4 Bc2 34. Rc6 $2 {Accuracy: White = 62%, Black = 76%.} (34. Rc1) 0-1

[Event "Offerspill Invitational 2020"]
[Site "Oslo"]
[Date "2020.06.14"]
[Round "5.5"]
[White "Vestby-Ellingsen, Mads"]
[Black "Djurhuus, Rune"]
[Result "0-1"]
[WhiteElo "2351"]
[BlackElo "2437"]
[Annotator "TA"]
[PlyCount "103"]
[EventDate "2020.06.10"]
[EventType "swiss"]
[EventCountry "NOR"]
[SourceTitle "playchess.com"]
[Source "ChessBase"]
[SourceQuality "1"]

{[%evp 15,103,40,75,82,106,111,104,104,115,49,54,54,63,20,14,25,17,-39,-21,-50,-35,-33,-35,-35,-25,-95,-8,-12,-15,-22,-27,-16,-20,-7,-7,-7,-7,-12,-4,-4,0,0,0,0,0,0,0,0,0,0,0,0,0,-8,-8,-8,0,-31,-20,-109,-56,-198,-200,-187,-202,-1159,-1145,-1049,-484,-954,-480,-1244,-1022,-956,-943,-945,-929,-950,-808,-29990,-6083,-6083,-6083,-5795,-5795,-5357,-5281,-29978,-29979,-3037]} 1. d4 e6 2. Nf3 Nf6 3. c4 c5 4. Nc3 cxd4 5. Nxd4 a6 6. e4 Qc7 7. a3 Nc6 8. Be3 Ne5 9. Be2 {B41: Sicilian: Kan Variation: 5 c4.} h5 10. h3 Ng6 11. Qd2 {White is better.} b6 {[#]} 12. Nf3 $146 (12. f4 $16) ({Predecessor:} 12. f4 Bb7 13. Bd3 h4 14. O-O Nh5 15. b4 Ng3 16. Rfe1 Be7 17. Rac1 d6 18. Qf2 {½-½ (32) Solak,D (2355)-Ionescu,C (2515) Bucharest 1997}) 12... Bb7 $14 13. Ng5 Bc5 14. O-O Bxe3 15. Qxe3 Qf4 16. Na4 (16. b4 $11) 16... Nxe4 $15 17. Nxe4 Qxe4 18. Qxe4 Bxe4 19. f3 Nf4 20. Rfe1 {[#]} (20. fxe4 $11 {keeps the balance.} Nxe2+ 21. Kf2) 20... Bc6 ({Don't play} 20... Nxe2+ $6 21. Rxe2 Bc6 22. Nxb6 $11) (20... b5 $1 $17 {[%mdl 512]} 21. Nb6 (21. cxb5 Nxe2+) 21... Rb8 22. fxe4 Rxb6 23. cxb5 Nxe2+ 24. Rxe2 Rxb5) 21. Nxb6 $11 Rb8 22. c5 Nxe2+ 23. Rxe2 d6 24. Nc4 dxc5 25. Ne5 Bb5 26. Rc2 Ke7 27. a4 Be8 28. Nd3 Rb6 29. Nxc5 a5 30. Nd3 Bd7 31. Rc5 Ra8 32. Ra3 f6 33. Rxh5 e5 34. Rh4 Bf5 35. Rc4 Rd8 $36 {[%mdl 2048] Black has some pressure.} 36. Rcc3 Rd4 37. Kf1 {[#]} (37. Nc5 $11) 37... Kd6 ({Black should play} 37... Bxd3+ $1 $17 38. Rxd3 Rxb2) 38. Nc5 {This costs White the game.} ({Better is} 38. h4 $15) 38... Rxb2 $19 {[%cal Rd4d1]} 39. Rc1 Rdd2 {White must now prevent ...Rf2+.} 40. Rb3 $2 (40. g4 Bc2 41. Ne4+ Bxe4 42. fxe4) 40... Rf2+ 41. Ke1 Rbe2+ 42. Kd1 Rxg2 43. Rb6+ {[#]} (43. Ne4+ $142 Bxe4 44. fxe4 Rxe4 45. Rd3+ Ke6 46. Rc6+ Kf5 47. Rf3+ Kg5 48. Rcc3) 43... Kc7 $1 44. Rb7+ Kc6 {( -> ...Rd2+)} 45. Rxg7 Bc2+ ({Not} 45... Rxg7 46. Kxe2 Kd5 47. Nb3 $17) 46. Rxc2 Rxc2 47. Ne6 Rxg7 (47... Rgd2+ $142 48. Ke1 Kd6 49. Nc5 {[%mdl 64] Decoy} Kxc5 50. Rc7+ {[#]} Kb4 $1 {[%mdl 512]} 51. Rxc2 Rxc2 52. h4 Kxa4 53. h5 Kb4 54. h6 a4 55. h7 Rh2 56. h8=B Rxh8 57. Kf2 a3 58. Ke3 f5 59. Kf2 a2 60. f4 a1=Q 61. fxe5 Qxe5 62. Kg2 Qe2+ 63. Kg3 Rg8+ 64. Kh4 Qh2#) 48. Nxg7 {KR-KN} Rf2 49. h4 Rxf3 50. h5 Rf2 51. Ne8 f5 52. Nf6 {Accuracy: White = 58%, Black = 81%.} 0-1

[Event "Offerspill Invitational 2020"]
[Site "Oslo"]
[Date "2020.06.14"]
[Round "5.6"]
[White "Risting, Eivind Olav"]
[Black "Nilsen, Joachim Birger"]
[Result "1/2-1/2"]
[WhiteElo "2300"]
[BlackElo "2411"]
[Annotator "TA"]
[PlyCount "54"]
[EventDate "2020.06.10"]
[EventType "swiss"]
[EventCountry "NOR"]
[SourceTitle "playchess.com"]
[Source "ChessBase"]
[SourceQuality "1"]

{[%evp 13,37,0,0,0,0,0,0,0,0,0,0,0,0,0,0,10,17,8,0,0,25,0,0,0,0,0]} 1. d4 Nf6 2. c4 e6 3. Nc3 Bb4 4. Qc2 O-O 5. e4 d5 6. e5 Ne4 7. Bd3 c5 8. Nf3 {E32: Nimzo-Indian: Classical (4 Qc2): 4...0-0.} cxd4 9. Nxd4 Nd7 {[%cal Bb8d7,Bd7c5,Bc5a4][%mdl 32]} 10. Bf4 Ndc5 11. O-O Bxc3 12. bxc3 Bd7 {12...Nxd3 is the modern continuation.} 13. Be2 {[#] Hoping for f3.} Na4 14. cxd5 exd5 15. Bd3 Nac5 16. Be2 Na4 17. Bd3 Nac5 18. Be2 Na4 19. Bd3 {[#] An uneventful encounter. Accuracy: White = 91%, Black = 100%.} {Predecessor:} Rc8 $146 20. Bxe4 dxe4 21. Qxe4 Nxc3 22. Qe3 Qb6 23. Rfe1 Rc4 24. Ne2 Nd5 25. Qd2 Bc6 26. Bg3 Nb4 27. Rec1 Rd8 {0-1 (53) Flom,G (2448)-Huschenbeth,N (2596) Bastia 2017} 1/2-1/2

[Event "Offerspill Invitational 2020"]
[Site "Oslo"]
[Date "2020.06.14"]
[Round "5.7"]
[White "Kvaloy, Aksel Bu"]
[Black "Kaasen, Tor Fredrik"]
[Result "0-1"]
[WhiteElo "2164"]
[BlackElo "2401"]
[Annotator "TA"]
[PlyCount "120"]
[EventDate "2020.06.10"]
[EventType "swiss"]
[EventCountry "NOR"]
[SourceTitle "playchess.com"]
[Source "ChessBase"]
[SourceQuality "1"]

{[%evp 23,120,37,47,19,28,26,8,0,8,0,0,0,0,6,0,0,23,0,46,0,54,14,17,9,9,4,0,8,26,-66,-48,-57,-62,-225,-234,-234,-234,-230,-232,-237,-234,-239,-242,-230,-196,-197,-207,-204,-198,-195,-163,-243,-242,-274,-311,-310,-305,-298,-294,-366,-367,-429,-421,-477,-467,-514,-481,-498,-475,-662,-678,-629,-656,-788,-772,-725,-681,-1288,-1288,-4902,-1666,-1566,-1293,-1237,-1251,-1786,-1624,-5081,-5073,-29969,-29972,-29980,-29980,-29981,-29978,-29978,-29979,-29982,-29982]} 1. e4 c5 2. Nf3 d6 3. d4 cxd4 4. Nxd4 Nf6 5. Nc3 a6 6. Be3 e5 7. Nb3 Be7 8. f3 Be6 9. Qd2 O-O 10. O-O-O Nbd7 11. g4 b5 12. g5 Nh5 {now supersedes 12...b4.} 13. Kb1 {B90: Sicilian Najdorf: Unusual White 6th moves, 6 Be3 Ng4 and 6 Be3 e5.} Nb6 14. Na5 Rc8 15. Rg1 {The position is equal.} Qc7 16. Nd5 Nxd5 17. exd5 Bxd5 18. Qxd5 Qxa5 19. Rg4 {[#]} Kh8 $146 ({Predecessor:} 19... g6 20. a3 Qc7 21. c4 bxc4 22. Rxc4 Qd8 23. h4 Ng3 24. Rdc1 Rxc4 25. Bxc4 Nf5 {1-0 (41) Stalmach,K (2560)-Zhak,B (2597) ICCF email 2015}) 20. Bd3 {[#] And now Rh4 would win.} g6 21. Rh4 f5 (21... Qc7 $11) 22. gxf6 Bxf6 23. Rxh5 gxh5 24. Bh6 e4 25. Qxe4 {[%csl Gd3][%cal Re4h7]} Rf7 26. Rg1 (26. Qf5 $11 Qc7 27. Qxh5) 26... Qc7 $15 27. Qe6 Rd8 28. Bg5 $2 {Loses the game.} ({Better is} 28. Bc1 $15) 28... Bxg5 $19 29. Rxg5 Qe7 ({Weaker is} 29... Rxf3 30. a4 $17) 30. Qxe7 Rxe7 {[%cal Re7e1][%mdl 4096] Endgame KRR-KRB} 31. Kc1 Re5 32. Rg2 Rg8 33. Rf2 Kg7 34. f4 Re7 35. Kd2 Kf6 36. Kc3 Reg7 {...Rg2 is the strong threat.} 37. Rf3 (37. Bf1 $142) 37... h4 38. Kd4 Rg2 39. Rh3 {[#]} R2g4 $1 40. Rf3 h5 41. Kd5 Rg2 42. Rh3 R8g4 43. f5 Rf4 44. Kxd6 Kg5 45. Ke5 Rgf2 46. Ke6 Kg4 47. Re3 {intending h3+.} Rxh2 48. f6 {If only White now had time for Be2+....} Rhf2 49. Be2+ Kg5 50. Re5+ Rf5 {Strongly threatening ...Rxe5+.} 51. Rxf5+ Rxf5 {KR-KB} 52. f7 Rf2 53. Bd3 Kh6 54. c4 Kg7 55. cxb5 axb5 56. Bxb5 Rxb2 {Black mates.} 57. a4 h3 58. Bc6 Re2+ 59. Kf5 h2 60. a5 Re1 {Accuracy: White = 47%, Black = 92%.} 0-1

[Event "Offerspill Invitational 2020"]
[Site "Oslo"]
[Date "2020.06.14"]
[Round "5.8"]
[White "Mihajlov, Sebastian"]
[Black "Nordquelle, Daniel"]
[Result "1-0"]
[WhiteElo "2389"]
[BlackElo "2284"]
[Annotator "TA"]
[PlyCount "47"]
[EventDate "2020.06.10"]
[EventType "swiss"]
[EventCountry "NOR"]
[SourceTitle "playchess.com"]
[Source "ChessBase"]
[SourceQuality "1"]

{[%evp 12,47,28,0,10,4,20,16,52,44,52,85,61,70,56,31,21,48,101,109,314,296,497,509,487,460,922,905,903,775,1136,1102,1583,1538,1512,1481,2011,2008]} 1. e4 c5 2. Nf3 d6 3. d4 cxd4 4. Nxd4 Nf6 5. Nc3 a6 6. h3 e5 7. Nb3 Be6 {7...Be7 is the modern continuation. B90: Sicilian Najdorf: Unusual White 6th moves, 6 Be3 Ng4 and 6 Be3 e5.} 8. f4 g6 9. Be2 Nc6 {The position is equal.} 10. O-O Be7 11. f5 gxf5 12. exf5 Bxb3 13. axb3 d5 14. Bg5 {[#]} Nd4 $146 ({Better is} 14... Nb4 $14) ({Predecessor:} 14... Nb4 15. Na4 Rg8 16. Bxf6 Bxf6 17. c3 Nc6 18. Nc5 Kf8 19. b4 b6 20. Nb7 Qd7 {½-½ (40) Parshin,V (2330)-Mezera,L (2365) ICCF email 2014}) 15. Bf3 $1 $16 Nxf5 $2 {[#] Black cannot hold the game after this.} (15... Nxf3+ $16 16. Qxf3 e4) 16. Bxf6 $1 $18 ({Less strong is} 16. Bxd5 Nxd5 17. Qxd5 Qxd5 $16) 16... Bc5+ $2 (16... Bxf6 17. Bxd5 (17. Qxd5 O-O $16) (17. Nxd5 Ng3 $16) 17... Qb6+ 18. Kh2 Ne3) 17. Kh2 {White is clearly winning.} Qxf6 18. Bg4 Bd6 (18... Ne3 $142) 19. Rxf5 Qg6 20. Nxd5 e4+ 21. Kh1 h5 22. Nf6+ {[%mdl 64] [#] Discovered Attack} Ke7 23. Nxh5 Rh7 24. Rf6 {Accuracy: White = 100%, Black = 36%.} 1-0

[Event "Offerspill Invitational 2020"]
[Site "Oslo"]
[Date "2020.06.14"]
[Round "5.9"]
[White "Gjestemoen-VonHirsch, Andre"]
[Black "Storme, Isak"]
[Result "1-0"]
[WhiteElo "2077"]
[BlackElo "2379"]
[Annotator "TA"]
[PlyCount "67"]
[EventDate "2020.06.10"]
[EventType "swiss"]
[EventCountry "NOR"]
[SourceTitle "playchess.com"]
[Source "ChessBase"]
[SourceQuality "1"]

{[%evp 11,67,0,12,6,18,12,22,10,22,-25,-4,-20,-6,-4,0,0,-33,11,34,-62,-65,-50,-49,-51,-63,-56,-47,-65,348,357,339,341,545,534,641,626,601,431,668,626,663,638,700,717,714,717,741,777,1531,1456,29988,29989,29993,29994,29994,29995,29995,29996]} 1. c4 g6 2. g3 Bg7 3. Bg2 e5 4. Nc3 Nc6 5. Rb1 f5 6. b4 Nf6 7. b5 {A25: English Opening vs King's Indian with ...Nc6 but without early d3.} Ne7 8. Nf3 e4 {[#]} 9. Nd4 $146 {The position is equal.} ({Predecessor:} 9. Ng5 h6 10. Nh3 d5 11. cxd5 Nfxd5 12. Nxd5 Qxd5 13. Bb2 Bxb2 14. Rxb2 Qe5 15. Qc1 {0-1 (31) Adan Bermudez,S (2366)-Narmontas,M (2427) Fredericia 2015}) 9... d5 10. c5 f4 11. Qa4 O-O 12. gxf4 Ng4 13. h3 Nxf2 14. Kxf2 {And now d3 would win.} Rxf4+ 15. Ke1 (15. Kg1 $14) 15... Nf5 $15 16. Nxf5 Bxf5 17. d4 {Nxd5 is the strong threat.} Qh4+ $1 18. Kd1 Rf2 19. Bf1 {Strongly threatening Be3.} ({Not} 19. Nxd5 $2 Rd8 $19) 19... Rxf1+ $4 {[%mdl 8192] Black cannot hold the game after this.} (19... e3 $1 $15 {stays ahead.} 20. Bxe3 Bh6 21. Bxh6 Qxh6) 20. Rxf1 $18 Qxh3 21. Rxf5 $1 gxf5 (21... Qxf5 $142 22. Be3 b6) 22. Kc2 Qh2 23. b6 cxb6 24. Qd7 {[%mdl 64] [#] Double Attack} Kh8 (24... Qg1 $142 25. Qxb7 {[%mdl 64] Double Attack} Re8) 25. Qxb7 Rb8 26. Qxd5 Rf8 27. cxb6 axb6 28. Rxb6 Qf2 29. Bh6 Qg2 30. Bxg7+ Kxg7 31. Rb7+ {White mates.} Kh8 32. Qe5+ Kg8 33. Qe6+ Kh8 {[#]} 34. Qe7 $1 {[%mdl 64] Double Attack. Accuracy: White = 85%, Black = 60%.} 1-0

[Event "Offerspill Invitational 2020"]
[Site "Oslo"]
[Date "2020.06.14"]
[Round "5.10"]
[White "Ranaldi, Lucas"]
[Black "Sjoberg, Isak"]
[Result "0-1"]
[WhiteElo "2353"]
[BlackElo "2189"]
[Annotator "TA"]
[PlyCount "120"]
[EventDate "2020.06.10"]
[EventType "swiss"]
[EventCountry "NOR"]
[SourceTitle "playchess.com"]
[Source "ChessBase"]
[SourceQuality "1"]

{[%evp 20,120,42,22,47,24,36,26,37,31,33,25,25,28,22,26,29,15,30,14,20,0,22,0,18,25,31,27,24,28,62,0,0,0,-8,-22,-20,-36,-24,-50,-58,-76,-36,-39,-51,-69,-50,-59,0,0,0,0,0,0,0,0,0,0,0,0,0,0,0,0,0,0,0,-18,-11,-81,-25,-94,0,-375,-364,-308,0,0,0,0,0,-1415,-1162,-1100,-1047,-1586,-1480,-1595,-1208,-12839,-12091,-12840,-12840,-12840,-12841,-12847,-12847,-12848,-12848,-12850,-12850,-12850,-29987]} 1. c4 Nf6 2. g3 g6 3. Bg2 Bg7 4. d4 O-O 5. Nc3 d6 6. Nf3 Nc6 7. O-O a6 8. d5 Na5 9. b3 c5 10. dxc6 Nxc6 11. Bb2 Qa5 {E63: King's Indian: Fianchetto: Panno Variation with 7...a6.} 12. Qc1 Bf5 13. Rd1 Rac8 {White has an edge.} 14. Nd5 Nxd5 $1 15. Bxg7 Kxg7 16. Rxd5 Qc7 {[#]} 17. Qc3+ $146 ({Predecessor:} 17. c5 Rfd8 18. cxd6 Rxd6 19. Qc3+ Kg8 20. Rad1 Rxd5 21. Rxd5 Rd8 22. Rxd8+ Qxd8 {½-½ (22) Ilincic,Z (2519)-Kislik,E (2302) Budapest 2008}) 17... f6 18. Rad1 Ne5 19. Qb4 Nc6 20. Qc3 Ne5 21. Qb4 Nc6 22. Qa3 Be6 23. R5d2 b5 24. c5 b4 25. cxd6 (25. Qc1 $1 $14) 25... bxa3 $11 26. dxc7 Rxc7 27. Rc1 {[#] Nd4 is the strong threat.} Rcc8 $1 28. Ng5 fxg5 29. Bxc6 Rc7 {Strongly threatening ...Rfc8.} 30. Rdc2 Rfc8 31. Be4 $1 Rxc2 32. Rxc2 $15 {[%mdl 4096] Endgame KRB-KRB} Kf6 $1 33. Rd2 $1 Bf5 (33... Rc1+ $15 34. Kg2 Bf5) 34. Bxf5 $1 $11 gxf5 {KR-KR} 35. b4 Rc1+ 36. Kg2 Ra1 37. Kf3 Ke5 38. Ke3 h5 39. f4+ gxf4+ 40. gxf4+ Ke6 41. Rc2 Kd6 42. Kd4 h4 43. h3 Rb1 44. Kc3 (44. Rc3 $11) 44... Kd5 ({Black should play} 44... e5 $17 45. Rd2+ Ke6) 45. Kd3 $1 Rh1 (45... Rxb4 $17 {And now ...Rb2 would win.} 46. Rc3 Rxf4) 46. Rc3 $2 {[%mdl 8192]} (46. Rc5+ $11 {and White has nothing to worry.} Ke6 47. Kd4) 46... Rxh3+ $19 47. e3 e5 $2 ({Black should try} 47... Rh1 $19 {White must now prevent ...h3.} 48. Rc5+ Ke6 49. Rc6+ Kd7) 48. Rc5+ $11 Kd6 {Threatens to win with ...exf4.} 49. Rxe5 Rh2 50. Rxf5 $2 {[%mdl 8192]} (50. Ra5 $11) 50... Rxa2 $19 {Black is clearly winning.} 51. Rh5 Rh2 52. Rh6+ Kd7 53. Rxa6 {[#]} a2 $1 54. Ke4 Rf2 55. Kd5 Rd2+ 56. Kc4 h3 57. Kc3 h2 58. Kxd2 h1=Q 59. Rxa2 Qg2+ 60. Kc3 Qxa2 {Accuracy: White = 77%, Black = 88%.} 0-1